| 000 | 00490nam a2200205Ia 4500 | ||
|---|---|---|---|
| 003 | 0100 | ||
| 008 | 130303s9999 xx 000 0 und d | ||
| 040 | _cARRUPELIB | ||
| 050 | _aHB2122.M636 | ||
| 100 | _aBlack, Richard et al. | ||
| 245 | _aMigration and development in Africa | ||
| 245 | _ban overview | ||
| 260 | _aCape Town | ||
| 260 | _bIdasa | ||
| 260 | _C2006 | ||
| 300 | _a160p. | ||
| 300 | _b 22cm | ||
| 440 | _aAfrican Migration and development no.1 | ||
| 942 |
_2lcc _03 |
||
| 999 |
_c65475 _d65475 |
||